000
00218nam a2200085Ia 4500
008
120527s9999 xx 000 0 und d
100
_a
Carrell & Heavin
245
_a
Labor relations and collective bargaining
942
_c
BK
999
_c
27492
_d
27492